Films mal décrits #7 - Statistiques

Statistiques générales
  • Ce quiz a été pris 1 225 fois
  • Le résultat moyen est 5 sur 15
Statistiques - réponses
Synopsis bancal Film % Correct
Un riche se fait servir par un noir parce qu'il peut pas bouger. Intouchables
90%
Il ne passe jamais à table. Leblanc est juste pas un prénom. Le dîner de cons
80%
Il met sa main dans une boîte, il a mal mais ça va. Dune
49%
Brad Pitt est dans le désert avec une boîte puis il l'ouvre. Seven
42%
Ta gueule ou tu meurs. Sans un bruit
38%
Pas content d'être pauvre il devient riche et lance des nains. Le loup de Wall Street
32%
Un mec oublie tout donc il note tout mais il oublie quand même tout. Memento
27%
Forest cours mais après Jack (sans l'attraper) Attrape moi si tu peux
26%
Un film pour les féministes dont l'histoire tourne autour d'un homme. Barbie
23%
Pareil mais avec les yeux Bird box
22%
Psychologie Etat-Unienne. American psycho
18%
Comme le Metavers mais ça fonctionne Ready player one
18%
L'escale commence à être longue Le terminal
10%
Après toute une vie vécue un bébé se suicide dans le ventre de sa mère. L'effet papillon
3%
Un gars dans le sable tue des éléphants et d'autres choses. Gladiator
1%
Aucun quiz correspondant
Distribution des résultats
% des personnes avec chaque résultat
Percentile par nombre de réponses
Votre historique - résultats
Vous n’avez pas pris ce quiz